[Event "FIDE women's World Cup Gp C"]
[Site "Shenyang CHN"]
[Date "2000.08.03"]
[Round "3"]
[White "Khurtsidze,N"]
[Black "Chiburdanidze,M"]
[Result "1/2-1/2"]
[WhiteElo "2418"]
[BlackElo "2545"]

1.d4 g6 2.c4 Bg7 3.Nf3 d6 4.Nc3 Nd7 5.g3 e5 6.Bg2 Ne7 7.O-O O-O 8.e4 exd4
9.Nxd4 Nc6 10.Nde2 Re8 11.b3 a5 12.Be3 a4 13.Rb1 axb3 14.axb3 Nf6 15.h3 Bd7
16.Qd2 Qc8 17.Kh2 Ra5 18.Nf4 Rae5 19.f3 Rf8 20.Rfe1 Kh8 21.Nfd5 Rh5 22.Nf4 Re5
23.Nfd5 Rh5 24.Nf4 Re5  1/2-1/2

[Event "FIDE women's World Cup Gp C"]
[Site "Shenyang CHN"]
[Date "2000.08.04"]
[Round "4"]
[White "Kosteniuk,A"]
[Black "Chiburdanidze,M"]
[Result "1/2-1/2"]
[WhiteElo "2398"]
[BlackElo "2545"]

1.e4 c6 2.d4 d5 3.e5 Bf5 4.Nf3 e6 5.Be2 c5 6.Be3 cxd4 7.Nxd4 Ne7 8.c4 Nbc6
9.Qa4 a6 10.O-O dxc4 11.Rd1 Qa5 12.Qxa5 Nxa5 13.Nxf5 Nxf5 14.Bb6 Nc6 15.f4 Rc8
16.Bxc4 Ncd4 17.Nd2 Rc6 18.Bxd4 Nxd4 19.Bd3 Bc5 20.Kf1 Ke7 21.Be4 Rc7 22.Nc4 b5
23.Ne3 Bb6 24.Rac1 Rhc8 25.Rxc7+ Rxc7 26.g3 h6 27.Rd2 Rc1+ 28.Rd1 Nb3 29.Bc2 Bxe3
30.Bxb3 g5 31.Ke2 gxf4 32.Kf3 Rc5 33.gxf4 Bc1 34.Rd6 a5 35.Rb6 Bxb2 36.Rb7+ Kf8
37.Bd1 Bc1 38.Kg3 Rc3+ 39.Bf3 b4 40.Ra7 Ra3 41.Rb7 Bd2 42.f5 exf5 43.Kg2 Re3
44.Bh5 Rxe5 45.Rxf7+ Kg8 46.Rd7 Bg5 47.Ra7 Rc5 48.Bd1 Kf8 49.Kg3 Bd8 50.Rh7 Bc7+
51.Kg2 Bf4 52.Bb3 Bg5 53.h4 Bc1 54.Kf2 Re5 55.Rd7 f4 56.Rf7+ Ke8 57.Rh7 h5
58.Bf7+ Kf8 59.Rxh5 Rxh5 60.Bxh5 a4 61.Bg6 Kg7 62.Bc2 b3 63.axb3 a3 64.Bb1 Kh6
65.Kf3 Kh5 66.b4 Kxh4 67.b5 Kg5 68.b6 Be3 69.b7 Ba7 70.Ke2 Kg4 71.Kd2 Kf3
72.Kc3  1/2-1/2

[Event "FIDE women's World Cup Gp C"]
[Site "Shenyang CHN"]
[Date "2000.09.05"]
[Round "5"]
[White "Chiburdanidze,M"]
[Black "Wang Yu"]
[Result "1/2-1/2"]
[WhiteElo "2545"]
[BlackElo "2401"]

1.d4 Nf6 2.c4 c5 3.d5 e6 4.Nc3 exd5 5.cxd5 d6 6.Nf3 g6 7.g3 Bg7 8.Bg2 O-O
9.O-O a6 10.a4 Nbd7 11.Bf4 Qc7 12.h3 Re8 13.Qc2 Nh5 14.Bd2 Ne5 15.g4 Nxf3+
16.Bxf3 Nf6 17.b3 h5 18.g5 Nh7 19.Bg2 Bd7 20.e4 b5 21.Rab1 Rac8 22.Kh1 c4
23.b4 bxa4 24.f4 Rb8 25.h4 a3 26.Qa2 a5 27.b5 Qc5 28.Na4 Qc8 29.Qxa3 Rxb5
30.Nb6 Rxb6 31.Rxb6 c3 32.Be3 Bh3 33.Qa4 Bxg2+ 34.Kxg2 Qg4+ 35.Kf2 Rc8 36.Qb5 Bd4
37.Bxd4 Qxf4+  1/2-1/2

[Event "34th Olympiad Women"]
[Site "Istanbul TUR"]
[Date "2000.10.28"]
[Round "1"]
[White "Rantanen,T"]
[Black "Chiburdanidze,M"]
[Result "0-1"]
[WhiteElo "2120"]
[BlackElo "2545"]

1.e4 c5 2.c3 d5 3.exd5 Qxd5 4.d4 Nf6 5.Nf3 Bg4 6.Be2 e6 7.h3 Bh5 8.c4 Qd7
9.Be3 Nc6 10.dxc5 Qxd1+ 11.Bxd1 Nd7 12.Nc3 Bxc5 13.Bxc5 Nxc5 14.O-O O-O-O
15.Be2 Bxf3 16.Bxf3 Ne5 17.Be2 Rd2 18.b3 Rhd8 19.f4 Nc6 20.Bf3 Nd4 21.Nb5 Nxf3+
22.Rxf3 a6 23.Nc3 Rc2 24.Nd1 Rdd2 25.Rf2 Nd3 26.Rxd2 Rxd2 27.g3 Nb4 28.Nc3 f5
29.a3 Nc2 30.Ra2 Nd4 31.Rxd2 Nf3+ 32.Kf2 Nxd2 33.Na4 Nxb3 34.Ke3 Kc7 35.Kd3 Kd6
36.Kc3 Nc5 37.Nb2 Ne4+  0-1

[Event "34th Olympiad Women"]
[Site "Istanbul TUR"]
[Date "2000.11.02"]
[Round "6"]
[White "Chiburdanidze,M"]
[Black "Xie Jun"]
[Result "1/2-1/2"]
[WhiteElo "2545"]
[BlackElo "2568"]

1.d4 Nf6 2.c4 g6 3.g3 Bg7 4.Bg2 d5 5.cxd5 Nxd5 6.e4 Nb6 7.Ne2 c5 8.d5 e6
9.O-O O-O 10.Nbc3 exd5 11.exd5 Bf5 12.d6 Qd7 13.Be3 Na6 14.b3 Rfe8 15.Qd2 Re6
16.Rad1 Be5 17.Bf4 Rxd6 18.Qc1 Re8 19.Bxe5 Rxe5 20.Rxd6 Qxd6 21.Bxb7 Nb4
22.Nf4 Nc6 23.Re1 Bd7  1/2-1/2

[Event "34th Olympiad Women"]
[Site "Istanbul TUR"]
[Date "2000.11.04"]
[Round "7"]
[White "Peng Zhaoqin"]
[Black "Chiburdanidze,M"]
[Result "1-0"]
[WhiteElo "2403"]
[BlackElo "2545"]

1.d4 Nf6 2.c4 e6 3.Nf3 b6 4.g3 Ba6 5.b3 Bb4+ 6.Bd2 Be7 7.Bg2 Bb7 8.O-O O-O
9.Nc3 d5 10.cxd5 exd5 11.Rc1 Re8 12.Bf4 Na6 13.Ne5 Qc8 14.Nd3 Qd7 15.Qc2 Nb4
16.Nxb4 Bxb4 17.Be5 Be7 18.Rfd1 Rad8 19.Qd3 a6 20.Rc2 h6 21.Qd2 Rc8 22.h3 Ne4
23.Nxe4 dxe4 24.Qc1 Bd8 25.h4 f6 26.Bf4 g5 27.Be3 Bd5 28.Kh2 Kg7 29.Bh3 Be6
30.Bxe6 Rxe6 31.hxg5 hxg5 32.Kg2 Re8 33.Rh1 Be7 34.Qd2 Rh8 35.Rcc1 Qd5 36.Qc3 Rxh1
37.Rxh1 b5 38.Rc1 c6 39.Qa5 Qd7 40.Qxa6 Rh8 41.Rh1 Rxh1 42.Kxh1 f5 43.d5 Qxd5
44.Qb7 Kf8 45.a4 f4 46.gxf4 Qf5 47.Qb8+ Kf7 48.fxg5 Bxg5 49.Qc7+ Kf8 50.Bxg5 Qxg5
51.a5 Qh5+ 52.Kg2 Qxe2 53.Qf4+ Kg7 54.a6 Qa2 55.Qc7+  1-0

[Event "34th Olympiad Women"]
[Site "Istanbul TUR"]
[Date "2000.11.07"]
[Round "10"]
[White "Chiburdanidze,M"]
[Black "Cosma,E"]
[Result "1/2-1/2"]
[WhiteElo "2545"]
[BlackElo "2360"]

1.d4 d5 2.c4 e6 3.Nf3 c6 4.e3 Nf6 5.Bd3 Nbd7 6.O-O dxc4 7.Bxc4 b5 8.Bd3 Bb7
9.e4 Be7 10.Nbd2 a6 11.e5 Nd5 12.Ne4 h6 13.Qe2 Qb6 14.Bd2 c5 15.dxc5 Nxc5
16.Nxc5 Bxc5 17.a3 Be7 18.Rac1 Kf8 19.Be4 g6 20.h4 Kg7 21.Rcd1 Rac8 22.Bd3 b4
23.h5 g5 24.a4 a5 25.Rc1 Bc6 26.Bc2 Bb7 27.Bd3 Bc6  1/2-1/2

[Event "34th Olympiad Women"]
[Site "Istanbul TUR"]
[Date "2000.11.08"]
[Round "11"]
[White "Chiburdanidze,M"]
[Black "Zhukova,N"]
[Result "1/2-1/2"]
[WhiteElo "2545"]
[BlackElo "2450"]

1.d4 d5 2.c4 c6 3.Nf3 Nf6 4.e3 Bf5 5.Nc3 e6 6.Nh4 Be4 7.f3 Bg6 8.Qb3 Qc7
9.Bd2 Be7 10.Nxg6 hxg6 11.Rc1 Nbd7 12.cxd5 exd5 13.g3 Bd6 14.f4 Qb6 15.Bd3 Qxb3
16.axb3 Ng4  1/2-1/2

[Event "34th Olympiad Women"]
[Site "Istanbul TUR"]
[Date "2000.11.09"]
[Round "12"]
[White "Lakos,N"]
[Black "Chiburdanidze,M"]
[Result "1/2-1/2"]
[WhiteElo "2327"]
[BlackElo "2545"]

1.e4 c5 2.Nf3 d6 3.d4 cxd4 4.Nxd4 Nf6 5.Nc3 Nc6 6.Bg5 e6 7.Qd2 Qb6 8.Nb3 Be7
9.Bxf6 gxf6 10.f4 a6 11.Be2 h5 12.Bf3 Bd7 13.O-O-O O-O-O 14.h4 Rh7 15.Kb1 Kb8
16.a3 Na5 17.Nxa5 Qxa5 18.Ne2 Qxd2 19.Rxd2 Bc8 20.c4 Rg8  1/2-1/2

[Event "34th Olympiad Women"]
[Site "Istanbul TUR"]
[Date "2000.11.10"]
[Round "13"]
[White "Chiburdanidze,M"]
[Black "Uskova,F"]
[Result "1/2-1/2"]
[WhiteElo "2545"]
[BlackElo "2285"]

1.d4 c5 2.d5 g6 3.c4 Bg7 4.g3 Nf6 5.Nc3 O-O 6.Nf3 e6 7.Bg2 exd5 8.cxd5 d6
9.O-O a6 10.a4 Re8 11.Nd2 Nbd7 12.Rb1 Rb8 13.b4 cxb4 14.Rxb4 Nc5 15.Ba3 Bf5
16.h3 Qe7 17.e4 Bd7 18.Rb6 Nh5 19.Bxc5 dxc5 20.d6 Qe5 21.Ne2 c4 22.Nxc4 Qc5
23.Qb3 Be6 24.Rc1 Rec8 25.d7 Rd8 26.Rxe6 fxe6 27.Nb6 Qe7 28.h4 Be5  1/2-1/2

[Event "2nd SUFE Cup Rapid"]
[Site "Shanghai CHN"]
[Date "2001.05.31"]
[Round "1"]
[White "Chiburdanidze,M"]
[Black "Xie Jun"]
[Result "0-1"]
[WhiteElo "2513"]
[BlackElo "2557"]

1.d4 Nf6 2.c4 g6 3.g3 Bg7 4.Bg2 d5 5.cxd5 Nxd5 6.e4 Nb6 7.Ne2 c5 8.d5 O-O
9.Nbc3 e6 10.O-O exd5 11.exd5 Bf5 12.h3 h5 13.Be3 Na6 14.b3 Nc8 15.Qd2 Nd6
16.f3 Re8 17.g4 hxg4 18.hxg4 Bd7 19.Bf4 Bb5 20.Rad1 Bxe2 21.Nxe2 Rc8 22.Nc3 Bd4+
23.Kh2 Qh4+ 24.Bh3 Bxc3 25.Qxc3 Re2+ 26.Kg1 Qxh3 27.Rf2 Rxf2 28.Kxf2 Ne4+  0-1

[Event "2nd SUFE Cup Rapid"]
[Site "Shanghai CHN"]
[Date "2001.05.31"]
[Round "2"]
[White "Xu Yuhua"]
[Black "Chiburdanidze,M"]
[Result "0-1"]
[WhiteElo "2501"]
[BlackElo "2513"]

1.e4 c6 2.d4 d5 3.Nc3 dxe4 4.Nxe4 Bf5 5.Ng3 Bg6 6.h4 h6 7.Nf3 Nf6 8.Ne5 Bh7
9.Bd3 Bxd3 10.Qxd3 e6 11.Bd2 Nbd7 12.f4 c5 13.O-O-O Be7 14.Ne2 O-O 15.Qf3 cxd4
16.Nxd4 Nxe5 17.fxe5 Qxd4 18.Bc3 Qe4 19.exf6 Qxf3 20.gxf3 Bxf6 21.Bxf6 gxf6
22.Rd7 b5 23.Rg1+ Kh8 24.Rgd1 a6 25.R1d6 Kg8 26.b3 Rfc8 27.Kb2 Rc5 28.Rb7 a5
29.Rdd7 Rf8 30.a3 Kg7 31.b4 axb4 32.axb4 Rf5 33.c3 Kg6 34.Rd4 h5 35.Kb3 Rc8
36.f4 e5 37.Rd2 exf4 38.Rg2+ Kh6 39.Rxf7 f3 40.Rf2 Rc4  0-1

[Event "2nd SUFE Cup Rapid"]
[Site "Shanghai CHN"]
[Date "2001.06.01"]
[Round "3"]
[White "Chiburdanidze,M"]
[Black "Wang Lei"]
[Result "1/2-1/2"]
[WhiteElo "2513"]
[BlackElo "2498"]

1.d4 d5 2.c4 c6 3.Nf3 Nf6 4.e3 e6 5.Bd3 Nbd7 6.O-O Bd6 7.Nbd2 O-O 8.e4 e5
9.cxd5 cxd5 10.exd5 exd4 11.Ne4 Nxe4 12.Bxe4 Nf6 13.Qxd4 Nxe4 14.Qxe4 Re8
15.Qd3 Qf6 16.Bg5 Bf5 17.Qd2 Qg6 18.Bf4 Be4 19.Bxd6 Qxd6 20.Ng5 Qxd5 21.Nxe4 Qxe4
22.Rfe1 Qc6 23.Rac1 Rxe1+ 24.Qxe1  1/2-1/2

[Event "2nd SUFE Cup Rapid"]
[Site "Shanghai CHN"]
[Date "2001.06.01"]
[Round "4"]
[White "Wang Pin"]
[Black "Chiburdanidze,M"]
[Result "1/2-1/2"]
[WhiteElo "2504"]
[BlackElo "2513"]

1.e4 c6 2.d4 d5 3.Nc3 dxe4 4.Nxe4 Bf5 5.Ng3 Bg6 6.h4 h6 7.Nf3 Nf6 8.Ne5 Bh7
9.Bd3 Bxd3 10.Qxd3 e6 11.Bd2 Nbd7 12.f4 c5 13.O-O-O Be7 14.Ne2 cxd4 15.Qxd4 Nxe5
16.Qxe5 Qd5 17.Qxd5 Nxd5 18.Nc3 O-O-O 19.Nxd5 Rxd5 20.Bc3 Rxd1+ 21.Kxd1 h5
22.Ke2 Rd8 23.Rh3 Bf6 24.Bxf6 gxf6 25.Rg3 Rd4 26.Ke3 Rc4 27.c3 Kd7 28.Rg8 a5
29.Rb8 Rc7 30.Kd4 Kc6 31.Rh8 Rd7+ 32.Ke3 Rd5 33.Rh7 a4 34.Rxf7 Rb5 35.b4 axb3
36.axb3 Rxb3 37.Rxf6 Kd5 38.Kd3 b5 39.Kc2 Kc4 40.Rxe6 Rxc3+ 41.Kb2 Rb3+ 42.Kc2 Rc3+
43.Kb2 Rg3 44.Re4+ Kd3 45.Re5 Rxg2+ 46.Kb3 Rg4  1/2-1/2

[Event "2nd SUFE Cup Rapid"]
[Site "Shanghai CHN"]
[Date "2001.06.02"]
[Round "6"]
[White "Qin Kanying"]
[Black "Chiburdanidze,M"]
[Result "1/2-1/2"]
[WhiteElo "2489"]
[BlackElo "2513"]

1.e4 c6 2.c4 d5 3.exd5 cxd5 4.cxd5 Nf6 5.Nc3 Nxd5 6.Nf3 Nc6 7.Bb5 e6 8.O-O Be7
9.d4 O-O 10.Re1 Nxc3 11.bxc3 Bd7 12.Bd3 Rc8 13.Bf4 Qa5 14.Qc2 g6 15.Rab1 b6
16.Rb5 Qa3 17.Rb3 Qa5 18.Rb5 Qa3 19.Rb3 Qa5 20.Rb5  1/2-1/2

[Event "2nd SUFE Cup Rapid"]
[Site "Shanghai CHN"]
[Date "2001.06.03"]
[Round "9"]
[White "Chiburdanidze,M"]
[Black "Wang Pin"]
[Result "1-0"]
[WhiteElo "2513"]
[BlackElo "2504"]

1.d4 Nf6 2.c4 g6 3.g3 Bg7 4.Bg2 O-O 5.Nf3 d6 6.O-O Nc6 7.d5 Na5 8.Nfd2 c5
9.a3 Nd7 10.Ra2 Ne5 11.Qc2 Qc7 12.h3 a6 13.f4 Nd7 14.Kh2 b5 15.cxb5 axb5
16.b4 Nb7 17.Bb2 Bxb2 18.Rxb2 Nf6 19.e4 Bd7 20.Re1 Rac8 21.Re3 Qb6 22.Qd3 cxb4
23.axb4 Rc1 24.Nc3 Rc8 25.Ne2 R1c7 26.Qd4 Qxd4 27.Nxd4 Nd8 28.e5 Nh5 29.Ne4 dxe5
30.fxe5 Rc4 31.Rd3 Bf5 32.Nxf5 gxf5 33.Nc5 f4 34.g4 Ng3 35.d6 exd6 36.exd6 Rc1
37.d7 Rb8 38.Rd4 Nf1+ 39.Bxf1 Rxf1 40.Re2 Ra8 41.Nd3 f3 42.Re8+ Kg7 43.Kg3 h6
44.Nf4 f2 45.Kg2 Raa1 46.Nh5+ Kh7 47.Rxd8 Rg1+ 48.Kxf2 Raf1+ 49.Ke2 Re1+
50.Kf3 Ref1+ 51.Ke4  1-0

[Event "2nd SUFE Cup Rapid"]
[Site "Shanghai CHN"]
[Date "2001.06.03"]
[Round "10"]
[White "Wang Lei"]
[Black "Chiburdanidze,M"]
[Result "0-1"]
[WhiteElo "2498"]
[BlackElo "2513"]

1.d4 Nf6 2.c4 e6 3.Nc3 Bb4 4.Qc2 c5 5.dxc5 Na6 6.a3 Bxc3+ 7.Qxc3 Nxc5 8.f3 d6
9.b4 Na4 10.Qb3 Nb6 11.e3 e5 12.a4 Be6 13.a5 Nbd7 14.Ne2 b5 15.Nc3 Rb8 16.Qd1 O-O
17.cxb5 d5 18.Be2 Qe7 19.Ba3 Rfd8 20.O-O Nf8 21.Na4 d4 22.exd4 Rxd4 23.Qe1 Nd5
24.Qg3 Bd7 25.Bb2 Nf4 26.Rfe1 Qxb4 27.Bc3 Qd6 28.Bf1 Rxa4 29.Bxe5 Qxe5 30.Rxe5 Rxa1
31.Re1 Rxe1 32.Qxe1 Rxb5 33.Bxb5 Bxb5 34.Qe5 Ne2+ 35.Kf2 a6 36.h4 h6 37.g4 Ne6
38.g5 hxg5 39.hxg5 N2f4 40.Kg3 Bd3 41.Kg4 Kh7 42.Qe3 Kg6 43.Qe5 Ne2 44.Qd5 N2d4
45.f4 Bf5+ 46.Kh4 Ne2 47.Qc4 N6xf4 48.Qxa6+ Be6 49.Qc6 Kf5 50.Qc2+ Ke5 51.Qc5+ Ke4
52.Qc6+ Ke3 53.Qb6+ Kf3 54.Qc6+ Kf2 55.Qc5+ Kg2 56.g6 Nxg6+ 57.Kg5 Ngf4 58.Kh4 f6
59.Qc6+ Kh2  0-1

[Event "2nd SUFE Cup Rapid"]
[Site "Shanghai CHN"]
[Date "2001.06.03"]
[Round "11"]
[White "Chiburdanidze,M"]
[Black "Xu Yuhua"]
[Result "0-1"]
[WhiteElo "2513"]
[BlackElo "2501"]

1.d4 Nf6 2.c4 e6 3.Nc3 Bb4 4.e3 O-O 5.Bd3 d5 6.cxd5 exd5 7.Ne2 c6 8.O-O Bd6
9.f3 Qc7 10.g3 Bh3 11.Rf2 Nbd7 12.Bd2 Rfe8 13.Rc1 Qb8 14.Kh1 Be6 15.Nf4 Nf8
16.g4 Bd7 17.g5 Bxf4 18.exf4 Nh5 19.f5 Nf4 20.Bb1 g6 21.f6 N8e6 22.Ne2 Qd6
23.Nxf4 Nxf4 24.Rc3 Bh3 25.Be3 Re6 26.Qg1 Rae8 27.Rd2 h6 28.gxh6 Kh7 29.a3 Rxf6
30.Qg3 Rfe6 31.Be4 dxe4 32.Bxf4 exf3 33.Kg1 Re1+  0-1

[Event "2nd SUFE Cup Rapid"]
[Site "Shanghai CHN"]
[Date "2001.06.04"]
[Round "12"]
[White "Xie Jun"]
[Black "Chiburdanidze,M"]
[Result "1/2-1/2"]
[WhiteElo "2557"]
[BlackElo "2513"]

1.e4 c6 2.d4 d5 3.Nc3 dxe4 4.Nxe4 Bf5 5.Ng3 Bg6 6.h4 h6 7.Nf3 Nf6 8.Ne5 Bh7
9.Bd3 Bxd3 10.Qxd3 e6 11.Bd2 Nbd7 12.f4 c5 13.O-O-O Be7 14.Bc3 O-O 15.Nxd7 Qxd7
16.f5 Qd5 17.b3 cxd4 18.Bxd4 Ba3+ 19.Kb1 e5 20.Ba1 Qxd3 21.Rxd3 Rfe8 22.Re1 e4
23.Rdd1 e3 24.Bxf6 gxf6 25.Nh5 e2 26.Nxf6+ Kh8 27.Rd2 Rad8 28.Rexe2 Rxd2
29.Rxe8+ Kg7 30.Nh5+ Kh7 31.Nf6+ Kg7 32.Nh5+ Kh7  1/2-1/2

[Event "EUR-ASIA Rapid Match Women"]
[Site "Batumi GEO"]
[Date "2001.09.17"]
[Round "1"]
[White "Hoang Thanh Trang"]
[Black "Chiburdanidze,M"]
[Result "1/2-1/2"]
[WhiteElo "2445"]
[BlackElo "2513"]

1.d4 Nf6 2.c4 e6 3.Nc3 Bb4 4.Qc2 c5 5.dxc5 Na6 6.a3 Bxc3+ 7.Qxc3 Nxc5 8.f3 d6
9.e4 O-O 10.Be3 b6 11.Rd1 Qc7 12.Qd2 Rd8 13.b4 Nb7 14.Ne2 d5 15.cxd5 exd5
16.Bf4 Qe7 17.e5 Nh5 18.Bg5 f6 19.Bh4 Qxe5 20.g4 d4 21.gxh5 d3 22.Qf4 dxe2
23.Rxd8+ Nxd8 24.Qc4+ Be6 25.Qxe2 Qxh5 26.Bg3 Qf7 27.Bg2 Nc6 28.O-O Bc4 29.Qe4 Bd5
30.Qc2 Re8 31.Re1 Nd4 32.Qd3 Rxe1+ 33.Bxe1 Qe6 34.Bf2 Ne2+ 35.Kh1 Nf4 36.Qe3 g5
37.Qxe6+ Bxe6 38.Bg3 Kf7 39.Bf1 Bd5 40.Bg2 Ke6 41.Bf2 g4 42.Bg3 gxf3 43.Bxf4 fxg2+
44.Kg1 Kf5 45.Bb8 a6 46.a4 b5 47.axb5 axb5 48.Kf2 Ke4 49.Bc7  1/2-1/2

[Event "EUR-ASIA Rapid Match Women"]
[Site "Batumi GEO"]
[Date "2001.09.17"]
[Round "2"]
[White "Chiburdanidze,M"]
[Black "Hoang Thanh Trang"]
[Result "0-1"]
[WhiteElo "2513"]
[BlackElo "2445"]

1.c4 f5 2.g3 Nf6 3.Bg2 g6 4.Nc3 Bg7 5.e3 e5 6.d3 Nc6 7.Nge2 O-O 8.Rb1 a5
9.O-O d6 10.b3 Ne7 11.Qd2 Kh8 12.Bb2 Rb8 13.d4 e4 14.d5 Ng4 15.Nb5 b6 16.Bxg7+ Kxg7
17.a3 Ne5 18.Nbd4 g5 19.f4 exf3 20.Nxf3 N7g6 21.Ned4 Bd7 22.Qc2 Qe7 23.Rbe1 Rbe8
24.Nd2 f4 25.exf4 gxf4 26.Qc3 Kh8 27.Ne4 Qg7 28.Qd2 fxg3 29.hxg3 Ng4 30.Nf3 N6e5
31.Nh4 Rxf1+ 32.Rxf1 Ng6 33.Nxg6+ Qxg6 34.Qc3+ Qg7 35.Rf7 Qxc3 36.Nxc3 Re1+
37.Bf1 Ne5 38.Rf2 Re3 39.Rc2 Rxg3+ 40.Kf2 Rf3+ 41.Ke1 Bf5 42.Rc1 h5 43.b4 axb4
44.axb4 h4 45.Nb5 Bd3 46.Bg2 Re3+ 47.Kd1 h3 48.Bh1 Nxc4 49.Nxc7 Re2 50.Rc3 Rf2
51.Ne6 Rf1+  0-1

[Event "EUR-ASIA Rapid Match Women"]
[Site "Batumi GEO"]
[Date "2001.09.18"]
[Round "5"]
[White "Xu Yuhua"]
[Black "Chiburdanidze,M"]
[Result "1/2-1/2"]
[WhiteElo "2502"]
[BlackElo "2513"]

1.e4 c6 2.d4 d5 3.Nc3 dxe4 4.Nxe4 Bf5 5.Ng3 Bg6 6.h4 h6 7.Nf3 Nd7 8.h5 Bh7
9.Bd3 Bxd3 10.Qxd3 e6 11.Bd2 Ngf6 12.O-O-O Be7 13.Ne4 O-O 14.c4 c5 15.Bc3 Qc7
16.Kb1 cxd4 17.Bxd4 Rfd8 18.Nc3 e5 19.Be3 e4 20.Nxe4 Ne5 21.Qc2 Nxc4 22.Bd4 Na3+
23.bxa3 Qxc2+ 24.Kxc2 Nxe4 25.Rhe1 f5 26.g4 Rac8+ 27.Kb2 Bf6 28.gxf5 Nxf2
29.Rd2 Rc6 30.Ree2 Bxd4+ 31.Nxd4 Rcd6 32.Rxf2 Rxd4 33.Rde2 R4d5 34.f6 Rxh5
35.Re7 Rb5+ 36.Kc3 gxf6 37.Rxf6 Rb6 38.Rff7 Rc6+ 39.Kb3 Rd3+ 40.Kb2 Rd2+
41.Kb3 Rd3+  1/2-1/2

[Event "EUR-ASIA Rapid Match Women"]
[Site "Batumi GEO"]
[Date "2001.09.18"]
[Round "6"]
[White "Chiburdanidze,M"]
[Black "Xu Yuhua"]
[Result "0-1"]
[WhiteElo "2513"]
[BlackElo "2502"]

1.d4 Nf6 2.c4 e6 3.Nc3 Bb4 4.e3 O-O 5.Ne2 d5 6.a3 Be7 7.cxd5 exd5 8.b4 c6
9.Ng3 Re8 10.Bd3 Bd6 11.O-O Qc7 12.Bd2 Nbd7 13.Rc1 a6 14.Qb3 h5 15.Rfe1 h4
16.Nf1 Ng4 17.f4 Ndf6 18.h3 Nh6 19.e4 dxe4 20.Nxe4 Nxe4 21.Bxe4 Bf5 22.Bf3 Bxf4
23.Bxf4 Qxf4 24.d5 cxd5 25.Qxd5 b5 26.Qd2 Qxd2 27.Nxd2 Rxe1+ 28.Rxe1 Rd8
29.Ne4 Rd3 30.Ra1 Bc8 31.Nc5 Rc3 32.a4 bxa4 33.Rxa4 Bxh3 34.Rxa6 Bg4 35.Bd5 Be2
36.Ra7 Rc1+ 37.Kf2 Bc4 38.Bf3 g5 39.Ne4 Nf5 40.Nxg5 Rf1+  0-1

[Event "EUR-ASIA Rapid Match Women"]
[Site "Batumi GEO"]
[Date "2001.09.19"]
[Round "7"]
[White "Chiburdanidze,M"]
[Black "Xie Jun"]
[Result "1/2-1/2"]
[WhiteElo "2513"]
[BlackElo "2553"]

1.d4 Nf6 2.c4 g6 3.g3 Bg7 4.Bg2 d5 5.cxd5 Nxd5 6.e4 Nb6 7.Ne2 c5 8.d5 O-O
9.O-O e6 10.Nec3 exd5 11.exd5 Bf5 12.Be3 Na6 13.Na3 Qd7 14.Qd2 Rac8 15.Ncb5 Rfd8
16.Rfd1 Na4 17.b3 Nb2 18.Nxa7 Ra8 19.N7b5 Nxd1 20.Rxd1 b6 21.d6 Rac8 22.Nc3 Bg4
23.f3 Be6 24.Nc4 Rb8 25.a4 Nb4 26.Nb5 Nc6 27.f4 Bxc4 28.bxc4 Nd4 29.f5 Nxf5
30.Bf4 Nd4 31.Bd5 Re8 32.Nxd4 Bxd4+ 33.Kg2 Ra8 34.Bxa8 Rxa8 35.Re1 Rxa4 36.Re7 Qc6+
37.Kh3 Ra8 38.d7 Rd8 39.Qe2 f6 40.Qg4  1/2-1/2

[Event "EUR-ASIA Rapid Match Women"]
[Site "Batumi GEO"]
[Date "2001.09.19"]
[Round "8"]
[White "Xie Jun"]
[Black "Chiburdanidze,M"]
[Result "0-1"]
[WhiteElo "2553"]
[BlackElo "2513"]

1.e4 c6 2.d4 d5 3.Nc3 dxe4 4.Nxe4 Bf5 5.Ng3 Bg6 6.h4 h6 7.Nf3 Nd7 8.h5 Bh7
9.Bd3 Bxd3 10.Qxd3 e6 11.Bd2 Ngf6 12.O-O-O Be7 13.Kb1 O-O 14.c4 b5 15.Bc3 bxc4
16.Qxc4 Nb6 17.Qd3 Nbd5 18.Rc1 Qb6 19.Ne5 c5 20.Rhd1 Rfc8 21.Ne4 Nxc3+ 22.Rxc3 Nd5
23.Rcc1 cxd4 24.Nc4 Qa6 25.Qxd4 Rab8 26.b3 f5 27.Nc3 Rxc4 28.Qe5 Nxc3+ 29.Rxc3 Rxc3  0-1

[Event "FIDE WCh Women KO"]
[Site "Moscow RUS"]
[Date "2001.11.29"]
[Round "2.1"]
[White "Sedina,E"]
[Black "Chiburdanidze,M"]
[Result "0-1"]
[WhiteElo "2398"]
[BlackElo "2513"]

1.e4 c6 2.c4 d5 3.exd5 Nf6 4.Nc3 cxd5 5.cxd5 Nxd5 6.Nf3 e6 7.Bc4 Nxc3 8.bxc3 Be7
9.O-O O-O 10.d4 Nd7 11.Qe2 Qc7 12.Bd2 b6 13.Rfe1 Bb7 14.Bd3 Bf6 15.Rac1 Rfd8
16.Ng5 Nf8 17.Qg4 e5 18.Qg3 Qd7 19.Ne4 Bxe4 20.Bxe4 Rac8 21.d5 Qa4 22.Qd3 b5
23.f4 exf4 24.Bxf4 Qc4 25.d6 Bxc3 26.Red1 b4 27.Bg5 Qxd3 28.Rxd3 Rd7 29.Rcd1 Ne6
30.Bf5 Rc5 31.Rd5 Rxd5 32.Rxd5 g6 33.Bh3 f5 34.Bh6 Bg7 35.Bd2 h5 36.Bxb4 Nf4
37.Rc5 Bd4+  0-1

[Event "FIDE WCh Women KO"]
[Site "Moscow RUS"]
[Date "2001.11.30"]
[Round "2.2"]
[White "Chiburdanidze,M"]
[Black "Sedina,E"]
[Result "1/2-1/2"]
[WhiteElo "2513"]
[BlackElo "2398"]

1.d4 Nf6 2.c4 c5 3.d5 b5 4.cxb5 a6 5.b6 d6 6.Nc3 Nbd7 7.e4 g6 8.a4 a5 9.Nf3 Bg7
10.Be2 O-O 11.O-O Nxb6 12.Bg5 h6 13.Bf4 Ba6 14.Bxa6 Rxa6 15.Qe2 Ra8 16.Rfd1 Qc7
17.h3 Qb7 18.Nd2 Nfd7 19.Bg3 Rfe8 20.Ndb1 c4 21.Na3 Nc5 22.e5 Nd3 23.e6 f5
24.Nab5 f4 25.Bh2 Rf8 26.b3 Ne5 27.Rd4 f3 28.Qe4 Kh7 29.bxc4 fxg2 30.Kxg2 Nexc4
31.Rd3 Rf5 32.Rg1 Ne5 33.Rg3 Raf8 34.Kh1 Kh8 35.R3g2 Nf3 36.Nxd6 exd6 37.e7 Nxg1
38.Bxd6 Re8 39.Rxg6 Rf6 40.Rxf6 Bxf6 41.Qg6 Rxe7 42.Qxf6+ Rg7 43.Be5 Nxh3
44.Qxh6+ Kg8 45.Bxg7 Nxf2+ 46.Kg2 Qxg7+ 47.Qxg7+  1/2-1/2

[Event "FIDE WCh Women KO"]
[Site "Moscow RUS"]
[Date "2001.12.01"]
[Round "3.1"]
[White "Chiburdanidze,M"]
[Black "Ciuksyte,D"]
[Result "1-0"]
[WhiteElo "2513"]
[BlackElo "2271"]

1.d4 Nf6 2.Nf3 e6 3.e3 b6 4.Bd3 Bb7 5.O-O c5 6.c4 cxd4 7.exd4 d5 8.cxd5 Nxd5
9.Ne5 a6 10.Qf3 Qc7 11.Be4 Nc6 12.Nxc6 Bxc6 13.Nc3 Rd8 14.Bg5 Be7 15.Bxd5 Bxd5
16.Nxd5 Rxd5 17.Rac1 Qb8 18.Bxe7 Kxe7 19.Qa3+ Qd6 20.Rc7+ Kf6 21.Qf3+ Rf5
22.Qb7 Kg6 23.Rd7 Rb8 24.Qa7 Ra8 25.Rxd6 Rxa7 26.Rxb6 Rb5 27.Rxb5 axb5 28.a3 Rd7
29.Rd1 Rc7 30.g3 Rc2 31.b4 Rc3 32.d5 Rxa3 33.dxe6 fxe6 34.Rd6 Rb3 35.Rxe6+ Kf5
36.Re7 Kf6 37.Re4 g5 38.h4 h6 39.h5 Kf5 40.Rd4 Ke5 41.Rd7 Rxb4 42.Rh7 Rb1+
43.Kg2 b4 44.Rxh6 Kd4 45.Rg6 Ra1 46.h6 Ra8 47.Rb6 Kc5 48.Rb7 g4 49.h7 Kc4
50.f3 gxf3+ 51.Kxf3 Rh8 52.g4 Kd5  1-0

[Event "FIDE WCh Women KO"]
[Site "Moscow RUS"]
[Date "2001.12.02"]
[Round "3.2"]
[White "Ciuksyte,D"]
[Black "Chiburdanidze,M"]
[Result "0-1"]
[WhiteElo "2271"]
[BlackElo "2513"]

1.e4 c6 2.d4 d5 3.Nd2 dxe4 4.Nxe4 Bf5 5.Ng3 Bg6 6.Bc4 Nf6 7.N1e2 e6 8.Nf4 Bd6
9.c3 O-O 10.h4 Bxf4 11.Bxf4 h6 12.h5 Bh7 13.Qe2 Nbd7 14.O-O-O Qa5 15.f3 Nd5
16.Bd2 b5 17.Bb3 c5 18.a3 cxd4 19.c4 Qc7  0-1

[Event "FIDE WCh Women KO"]
[Site "Moscow RUS"]
[Date "2001.12.05"]
[Round "4.4"]
[White "Chiburdanidze,M"]
[Black "Peng Zhaoqin"]
[Result "1-0"]
[WhiteElo "2513"]
[BlackElo "2443"]

1.d4 d5 2.c4 c6 3.e3 Nf6 4.Nf3 e6 5.Bd3 Nbd7 6.O-O Bd6 7.Nc3 O-O 8.e4 dxc4
9.Bxc4 e5 10.h3 Qe7 11.Be3 exd4 12.Nxd4 Ne5 13.Bb3 Ng6 14.Re1 Rd8 15.Qc2 Qe5
16.Nf3 Qh5 17.Ng5 Rf8 18.Rad1 Bc7 19.Nb5 Ba5 20.Nd6 Be6 21.Nxe6 fxe6 22.Bxe6+ Kh8
23.Rf1 Nh4 24.Qc5 Qg6 25.Qg5 Bc7 26.Qxh4 Bxd6 27.Bf5  1-0

[Event "FIDE WCh Women KO"]
[Site "Moscow RUS"]
[Date "2001.12.05"]
[Round "4.3"]
[White "Peng Zhaoqin"]
[Black "Chiburdanidze,M"]
[Result "1-0"]
[WhiteElo "2443"]
[BlackElo "2513"]

1.d4 Nf6 2.Nf3 e6 3.c4 b6 4.g3 Ba6 5.b3 Bb4+ 6.Bd2 Be7 7.Bg2 Bb7 8.Nc3 d5
9.cxd5 exd5 10.O-O O-O 11.Qc2 Na6 12.Rfd1 Re8 13.a3 c5 14.Bf4 Qc8 15.Be5 h6
16.Qb2 Qe6 17.Rac1 Red8 18.Bxf6 Qxf6 19.e3 Qe6 20.Ne2 Qd6 21.dxc5 bxc5 22.Nf4 Qf6
23.Qe2 Qb6 24.Qc2 Rac8 25.Ne5 d4 26.Qc4 Rf8 27.Nd7 Qc7 28.Nxf8 Bxf8 29.exd4 Bxg2
30.Nxg2 cxd4 31.Qxc7 Rxc7 32.Rxc7 Nxc7 33.b4 Nb5 34.Rd3 g5 35.Ne1 Bg7 36.Rb3 f5
37.Nd3 Kf7 38.a4 Nc3 39.b5 Ke6 40.a5 Kd7 41.b6 axb6 42.axb6 Kc8 43.b7+  1-0

[Event "3rd IECC"]
[Site "Batumi GEO"]
[Date "2002.06.12"]
[Round "1"]
[White "Sulashvili,M"]
[Black "Chiburdanidze,M"]
[Result "0-1"]
[WhiteElo "2254"]
[BlackElo "2516"]

1.e4 c6 2.d4 d5 3.exd5 cxd5 4.c4 Nf6 5.Nc3 e6 6.Nf3 Bb4 7.cxd5 Nxd5 8.Qc2 Nc6
9.Be2 Bd7 10.O-O Nxc3 11.bxc3 Be7 12.Bf4 O-O 13.Bd3 g6 14.Rab1 b6 15.Ne5 Nxe5
16.Bxe5 Bc6 17.Qe2 Bf6 18.Bxf6 Qxf6 19.Be4 Rac8 20.Rfc1 Rfd8 21.Bxc6 Rxc6
22.Qd3 Qf5 23.Qxf5 gxf5 24.Rb4 Rdc8 25.c4 Rd8 26.c5 bxc5 27.Rbc4 Rcd6 28.Rxc5 Rxd4
29.Kf1 Ra4 30.Rc8 Rxc8 31.Rxc8+ Kg7 32.Rc2 f4 33.g3 Kg6 34.Kg2 h5 35.Rb2 f6
36.gxf4 Rxf4 37.Rb3 a5 38.Rb6 e5 39.Ra6 Ra4  0-1